| 000 | 00669nam a2200181Ia 4500 | ||
|---|---|---|---|
| 008 | 100920s9999 xx 000 0 und d | ||
| 082 |
_b102373 _a891.464 न 05 |
||
| 100 | _aपळसापुरे फळसोळे वंदना. | ||
| 245 | _aगौरी ध्यास मुक्तीचा. | ||
| 260 |
_bआकांक्षा प्रकाशन,नागपूर. _c2005 |
||
| 300 |
_a241 _bसाधी |
||
| 365 | _b210 | ||
| 520 | _aनिबंध. | ||
| 630 | _aगौरी ध्यास मुक्तीचा. | ||
| 650 | _aनिबंध. | ||
| 730 | _aगौरी ध्यास मुक्तीचा. | ||
| 942 | _cBOOK | ||
| 999 |
_c742806 _d742803 |
||